1978 1733 1284 1946 1078 1002 1686 1432 1732 1283 1924 1653 1644 1409 1576 1197 1017 1203 1795 1899 1233 1093 1989 1930 1925 1985 1210 1128 1556 1063 1059 1685 1191 1378 1036 1861 1178 1189 1479 1888 1331 1253 1509 1397 1919 1197 1722 1054 1771 1900 1710 1077 1714 1055 1385 1597 1815 1259 1231 1389 1117 1128 1470 1752 1616 1047 1410 1214 1392 1317 1212 1495 1765 1351 1411 1146 1327 1366 1457 1037 1768 1398 1209 1303 1882 1379 1536 1121 1627 1297 1212 1566 1717 1337 1049 1246 1459 1997 1256 BCNSPRNW ULIB Ver.6.0+V

เปลี่ยนเป็นภาษาไทย

Change to English
 แสดงรายละเอียดบรรณานุกรม
  กลับหน้าหลัก

Brief Record : Get Marc (ISO 2709) : E-mail record : QR code < ปิดหน้าต่าง
LEADER : 00000nam 2200000uu 4500
001    13399114414
003     ULIB
008    120328s||||||||th 000 0 tha d
020    ^a9786162440090
050  4 ^aBQ4190^bพ358ส
100 0  ^aพระมหาสมปอง ตาลปุตฺโต
245 10 ^aสุขจัง /^cพระมหาสมปอง ตาลปุตโต ; เรียบเรียงโดย ศราวุธ
250    ^aพิมพ์ครั้งที่ 1
260    ^aกรุงเทพฯ :^bโพสต์บุ๊กส์,^c2554
300    ^a143 หน้า :^bภาพประกอบ ;^c19 ซม.
500    ^aSend to Single Search
700 0  ^aศราวุธ เอี่ยมเซี่ยม,^eเรียบเรียง
945    ^p145^l0^i031516
995    ^aทศพร
999 ^a ทศพร
รายการนี้ยังไม่มีแท็ก
คุณยังไม่ได้ล็อกอิน คุณสามารถมีกิจกรรมร่วมกับเว็บไซต์ได้ แต่ต้องล็อกอินก่อน ::
  ล็อกอิน

รายการสื่อสารสนเทศ

ลำดับที่ ประเภท เลขเรียก/บาร์โค้ด สถานที่ สถานะ
- ไม่พบข้อมูล -

รายการใกล้เคียง
    ผู้แต่ง [พระมหาสมปอง ตาลปุตฺโต]

BibComment


ยังไม่เคยถูกคอมเมนท์

คอมเมนท์ทรัพยากรรายการนี้
  คอมเมนท์: สุขจัง พระมหาสม..


 Copyright 2026. Bcnsprnw @Library